000 00346nam a2200157Ia 4500
100 _aBeer/ F.P./ Johnston/E.R
250 _a3
942 _cBK
366 _f20
654 _aMechanics
245 _aMechanics of Materials(in SI units)
260 _bTata Mc Graw hill
_c2004
082 _a620.11292
_bBEE
300 _a780
546 _aENGLISH
999 _c21050
_d21050